| 000 | 02255cab a2200241 4500 | ||
|---|---|---|---|
| 001 | ##L133811 | ||
| 008 | 060612n2006 000 0 eng u | ||
| 035 | _a(Sirsi) u133811 | ||
| 041 | 0 | _aeng | |
| 245 | 0 | 0 | _aUnited Utilities Waste plc v Environment Agency for England and Wales |
| 260 | _c2006 | ||
| 520 | _a[2006] EWCA Civ 633, 19 May 2006. Considers whether a water treatment plant that treated sludge for disposal was an installation requiring a permit under the Pollution Prevention and Control (England and Wales) Regulations 2000. Appeal by U against a decision ([2006] EWHC 9 (QB), unreported) that it required permits from E pursuant to the 2000 Regulations to carry out operations at three of its water treatment plants. E cross-appealed against the decision that two other of U's plants did not require permits. The judge concluded the sludge from the three plants was discarded within the meaning of Sch1 Part I s5.3(c) of the Regulations and that the three plants fell within the definition of installation. Because the two other plants were not on the same sites as the brewery and milk processing plant that they serviced, they were not installations requiring permits. "Held": appeal and cross-appeal dismissed. A water treatment plant that treated sludge for disposal was an installation requiring a permit under the Regulations whether it directly produced the discard or whether the sludge underwent further treatment after leaving the plant. The difference between intermediate and final operations was not a principled distinction given the legislative context. | ||
| 590 | _aIKA200606 | ||
| 650 | 2 | 4 | _aDIRECTIVE 96/61/EC |
| 650 | 2 | 4 | _aDIRECTIVE 75/442/EEC |
| 650 | 2 | 4 | _aPOLLUTION PREVENTION AND CONTROL (ENGLAND AND WALES) REGULATIONS 2000 |
| 650 | 2 | 4 | _aPOLLUTION PREVENTION AND CONTROL (ENGLAND AND WALES) REGULATIONS 2000SCHED 1 PART 1 S5.3(C) |
| 650 | 2 | 4 | _aPOLLUTION PREVENTION AND CONTROL (ENGLAND AND WALES) REGULATIONS 2000 REG 2(1)(i) |
| 651 | 4 |
_aEngland and Wales _y1543- |
|
| 690 | _aENVIRONMENTAL AND LAND CONSULTANCY-ENVIRONMENTAL MANAGEMENT-ENVIRONMENTAL ASSESSMENT | ||
| 856 | 4 | 0 |
_uhttps://www.bailii.org/ew/cases/EWCA/Civ/2006/633.html _zView the judgment free of charge at www.bailii.org... |
| 942 | _n0 | ||
| 999 |
_c77219 _d77219 |
||